UBT Library

Contemporary management / (Record no. 44998)

000 -LEADER
fixed length control field 00686cam a2200229 a 4500
001 - CONTROL NUMBER
control field 15426146
005 - DATE AND TIME OF LATEST TRANSACTION
control field 20180314061047.0
008 - FIXED-LENGTH DATA ELEMENTS--GENERAL INFORMATION
fixed length control field 080825s2009 mauab 001 0 eng
010 ## - LIBRARY OF CONGRESS CONTROL NUMBER
LC control number 2008037273
020 ## - INTERNATIONAL STANDARD BOOK NUMBER
International Standard Book Number 9780073530437 (alk. paper)
020 ## - INTERNATIONAL STANDARD BOOK NUMBER
International Standard Book Number 0073530433 (alk. paper)
040 ## - CATALOGING SOURCE
Original cataloging agency DLC
Transcribing agency DLC
Modifying agency DLC
041 ## - LANGUAGE CODE
Language code of text/sound track or separate title eng
080 ## - UNIVERSAL DECIMAL CLASSIFICATION NUMBER
Universal Decimal Classification number 658 gar
082 00 - DEWEY DECIMAL CLASSIFICATION NUMBER
Classification number 658 gar
Edition number 22
100 1# - Rafti
Rafti 54
101 ## - Shkurtesa
Shkurtesa man
245 10 - TITLE STATEMENT
Title Contemporary management /
Statement of responsibility, etc Gareth R. Jones, Jennifer M. George.
906 ## - LOCAL DATA ELEMENT F, LDF (RLIN)
a 7
b cbc
c orignew
d 1
e ecip
f 20
g y-gencatlg
942 ## - ADDED ENTRY ELEMENTS (KOHA)
Source of classification or shelving scheme
Item type Books
Holdings
Withdrawn status Lost status Source of classification or shelving scheme Damaged status Not for loan Collection code Permanent location Current location Shelving location Date acquired Total Checkouts Full call number Barcode Date last seen Price effective from Koha item type
          Koleksioni i përgjithshem UBT - Lipjan UBT - Lipjan Koleksioni i përgjithshem 03/14/2018   658 gar 002-3002142 03/14/2018 03/14/2018 Books
          Koleksioni i përgjithshem UBT - Lipjan UBT - Lipjan Koleksioni i përgjithshem 03/08/2021   658 JON 002-7000960 03/08/2021 03/08/2021 Books
          Koleksioni i përgjithshem UBT - Lipjan UBT - Lipjan Koleksioni i përgjithshem 03/08/2021   658 JON 002-7000965 03/08/2021 03/08/2021 Books
UBT Library © 2015-2024. All rights reserved University Education for Business and Technology